[Event "New Delhi Parsvnath op 9th"]
[Site "New Delhi"]
[Date "2011.01.09"]
[Round "3"]
[White "Ravikant, Sharma"]
[Black "Shanmuganathan, TR."]
[Result "1/2-1/2"]
[WhiteElo "1904"]
[BlackElo "2095"]
[PlyCount "35"]
[EventDate "2011.01.08"]
[EventType "swiss"]
[EventRounds "11"]
[EventCountry "IND"]
[SourceTitle "CBM 140 Extra"]
[Source "ChessBase"]
[SourceDate "2011.03.01"]
[SourceVersion "1"]
[SourceVersionDate "2011.03.01"]
[SourceQuality "1"]

1. e4 c5 2. Nf3 Nc6 3. d4 cxd4 4. Nxd4 e5 5. Nb5 d6 6. N1c3 a6 7. Na3 b5 8. Nd5 Nce7 9. c4 Nxd5 10. exd5 bxc4 11. Nxc4 Nf6 12. Be3 Rb8 13. Qa4+ Qd7 14. Qd1 Qd8 15. Qa4+ Qd7 16. Qd1 Qd8 17. Qa4+ Qd7 18. Qd1 1/2-1/2